Statistics for London Landmarks

Click here to take the quiz!

General Stats

  • This quiz has been taken 1,807 times
  • The average score is 11 of 15

Answer Stats

Landmark Name % Correct
Where the Queen lives:Buckingham Palace
98%
Londons most famous clock/bell:Big Ben
97%
Large ferris wheel:London Eye
93%
Home of the Prime Minister:10 Downing Street
86%
A very large park in the centre of London:Hyde Park
84%
The most famous bridge in London:Tower Bridge
84%
A large square celebrating a famous victory over the French:Trafalgar Square
83%
Where many prisoners were locked away:Tower of London
69%
A large column in Trafalgar Square:Nelsons Column
64%
Large train station:Kings Cross
62%
Famous Cathedral:St Paul's Cathedral
61%
A palace in Kensington:Kensington Palace
60%
Similar to New York's Time Square:Piccadilly Circus
52%
Centre of Government:Houses of Parliament
51%
Where Prince Charles lives:Clarence House
26%

Score Distribution

Percentile by Number Answered

Percent of People with Each Score

Your Score History

You have not taken this quiz